| 000 | 00839nam a2200205Ii 4500 | ||
|---|---|---|---|
| 003 | JO-AjNU | ||
| 008 | 230605s9999||||xx |||||||||||||| ||und|| | ||
| 040 |
_aJO-AjNU _bara _erda _cJO-AjNU |
||
| 041 | _aara | ||
| 050 | 1 | 4 | _aBP136.6.S85 1996 |
| 100 | 3 |
_aالسيوطي، جلال الدين عبد الرحمن بن أبي بكر ؛ شرح وتعليق: أبو عبد الرحمن صلاح بن محمد بن عويضة, _eauthor _956447 |
|
| 245 | 0 | 0 | _aتدريب الراوي في شرح تقريب النواوي، ج1 |
| 250 | _aط1 | ||
| 264 | 3 | 1 | _aبيروت: دار الكتب العلمية، 1996 |
| 300 | _aج1، 237ص | ||
| 336 |
_atext _btxt _2rdacontent |
||
| 337 |
_aunmediated _bn _2rdamedia |
||
| 338 |
_avolume _bnc _2rdacarrier |
||
| 650 | 4 |
_aحديث شريف- جرح وتعديل- علم اصول الحديث _956448 |
|
| 999 |
_aA25236 _c28804 _d28804 |
||